|
|
|
|
| LEADER |
01136nam a2200313 a 4500 |
| 001 |
38110 |
| 003 |
BD-DhAAL |
| 005 |
20220316100730.0 |
| 008 |
220316t2006 ii a 000 0 eng d |
| 999 |
|
|
|c 43791
|d 43791
|
| 010 |
|
|
|a 2005298029
|
| 015 |
|
|
|a GB A3-W5907
|
| 020 |
|
|
|a 0195685598
|
| 020 |
|
|
|a 9780195685596
|
| 020 |
|
|
|a 0199253900 (hbk)
|
| 020 |
|
|
|a 0199253919 (pbk)
|
| 040 |
|
|
|a DLC
|c DLC
|d DLC
|d BD-DhAAL
|
| 050 |
0 |
0 |
|a HB171.5
|b .A336 2005
|
| 082 |
0 |
0 |
|a 330
|2 23
|
| 100 |
1 |
|
|a Akerlof, George A.,
|d 1940-
|9 47033
|
| 245 |
1 |
0 |
|a Explorations in pragmatic economics :
|b selected papers of George A. Akerlof (and co-authors).
|
| 260 |
|
|
|a New Delhi :
|b Oxford University Press,
|c 2006.
|
| 300 |
|
|
|a ix, 514 pages :
|b illustrations ;
|c 24 cm.
|
| 504 |
|
|
|a Includes bibliographical references.
|
| 541 |
|
|
|a Donated By Akbar Ali Khan
|e 38110
|
| 650 |
|
0 |
|a Economics.
|9 47034
|
| 852 |
|
|
|a Ayesha Abed Library
|c Akbar Ali Khan Collection
|
| 942 |
|
|
|2 ddc
|c BK
|
| 952 |
|
|
|0 0
|1 0
|2 ddc
|4 0
|6 330_000000000000000_AKE
|7 1
|9 70155
|a BRACUL
|b BRACUL
|c CS1
|d 2022-03-16
|e Donated by Akbar Ali Khan
|l 0
|o 330 AKE
|p 3010038110
|r 2022-03-16
|t 1
|w 2022-03-16
|y BK
|